Linear algebra with applications

Đã lưu trong:
书目详细资料
主要作者: Bretscher, Otto
格式: 图书
语言:Undetermined
出版: New Jersey Pearson Prentice Hall 2005
主题:
标签: 添加标签
没有标签, 成为第一个标记此记录!
Thư viện lưu trữ: Trung tâm Học liệu Trường Đại học Cần Thơ
LEADER 00506nam a2200193Ia 4500
001 CTU_74391
008 210402s9999 xx 000 0 und d
020 |c 316000 
082 |a 512.5 
082 |b B844 
100 |a Bretscher, Otto 
245 0 |a Linear algebra with applications 
245 0 |c Otto Bretscher 
260 |a New Jersey 
260 |b Pearson Prentice Hall 
260 |c 2005 
650 |a Algebra, Linear 
904 |i Tuyến 
980 |a Trung tâm Học liệu Trường Đại học Cần Thơ